| 000 | 00777nam a2200265 4500 | ||
|---|---|---|---|
| 001 | 0001254 | ||
| 003 | DO-SdBNP | ||
| 005 | 20230313132611.0 | ||
| 007 | 0001254 | ||
| 008 | 151217b2006 sp |||| 00| 0 spa d | ||
| 020 | _a9788496326491 | ||
| 040 |
_aBPMSU _bspa _cBPMSU |
||
| 082 | 4 |
_a853.91 _bM332u 2006 _222 |
|
| 100 | 1 |
_aDe Mari, Silvana, _d1953- |
|
| 245 | 1 | 3 |
_aEl último elfo / _cSilvana de Mari ; traducción de Lina Patricia Bojanini |
| 260 |
_aBarcelona: _bBelacova, _c2006 |
||
| 300 |
_a310 p. : _c23 cm. |
||
| 590 | _6Inventariado, 2023/VM | ||
| 650 | 4 | _aNovela juvenil italiana | |
| 650 | 4 | _aLiteratura juvenil italiana | |
| 700 | 1 |
_aBojanini, Lina Patricia, _etr. |
|
| 700 |
_a _e |
||
| 910 | _aVMateo V. Control de calidad (BPMSU) | ||
| 942 |
_2ddc _cBK |
||
| 999 |
_c9138 _d9138 |
||